000 00212nam a2200097Ia 4500
008 240331s9999 xx 000 0 und d
082 _bSIV
100 _aSivagurunathan, S
245 0 _aSamashdi ennakaru
942 _cL
999 _c2406
_d2406